[Event "Fortaleza Cearense-ch"]
[Site "Fortaleza"]
[Date "2024.11.15"]
[Round "2"]
[White "Da Silva, Francisco Iran Sant"]
[Black "Paulino, Arnold Torres"]
[Result "1-0"]
[WhiteElo "1904"]
[BlackElo "1833"]
[PlyCount "155"]
[EventDate "2024.11.14"]
[EventType "swiss"]
[EventRounds "7"]
[EventCountry "BRA"]
[SourceTitle "CB49_2024"]
[SourceDate "2024.12.04"]
[SourceVersion "1"]
[SourceVersionDate "2024.12.04"]
[SourceQuality "1"]

1. e4 c5 2. Nf3 Nc6 3. d4 cxd4 4. Nxd4 Nf6 5. Nc3 e5 6. Ndb5 d6 7. Bg5 a6 8. Na3 b5 9. Bxf6 gxf6 10. Nd5 Bg7 11. c3 f5 12. exf5 Bxf5 13. Qf3 Bd7 14. Bd3 0-0 15. Bf5 e4 16. Bxe4 f5 17. Bc2 Ne5 18. Qh3 Ng6 19. 0-0 Be6 20. Bb3 Kh8 21. Rad1 Bd7 22. f4 a5 23. Qd3 a4 24. Bc2 Rb8 25. Bb1 Qh4 26. Nc2 Be6 27. Ncb4 Rg8 28. Qg3 Qh5 29. Qf3 Qh4 30. g3 Qh3 31. Qg2 Qg4 32. Ne3 Qh5 33. Rxd6 Rbe8 34. Qf3 Qh6 35. Bd3 Bf8 36. Rxe6 Nh4 37. Rxe8 Nxf3+ 38. Rxf3 Qh5 39. Rxf8 Qxf3 40. Rxg8+ Kxg8 41. Nxf5 Qd1+ 42. Bf1 Qb1 43. Nd4 Qxb2 44. Nxb5 Qd2 45. a3 Kg7 46. Nd3 Qe3+ 47. Nf2 Kf6 48. Kg2 h5 49. Bd3 Qe6 50. c4 Ke7 51. Nd4 Qb6 52. Nb5 Qc5 53. h3 Qe3 54. Nc3 Qd2 55. Nxa4 Qa5 56. Nb2 Qxa3 57. Nbd1 Qb3 58. Ne3 Qb7+ 59. Be4 Qa7 60. Kf3 Kf6 61. g4 h4 62. g5+ Kf7 63. Nf5 Qa3+ 64. Ne3 Qc3 65. f5 Qe5 66. Nf1 Qc3+ 67. Ne3 Qe5 68. g6+ Kf8 69. Neg4 Qg3+ 70. Ke2 Qc3 71. Bd3 Qb2+ 72. Kf3 Qb8 73. f6 Qg3+ 74. Ke4 Qg2+ 75. Kf5 Qf3+ 76. Kg5 Qg3 77. c5 Qg1 78. g7+ 1-0